Engaging freedom : (Record no. 40226)

MARC details
000 -LEADER
fixed length control field 00804nam a22002297a 4500
005 - DATE AND TIME OF LATEST TRANSACTION
control field 20100809095950.0
010 ## - LCCN (DPL NO)
LC control number ENG-98991
020 ## - INTERNATIONAL STANDARD BOOK NUMBER
International Standard Book Number 9788186307205
Terms of availability 495.00
035 ## - SYSTEM CONTROL NUMBER
System control number EN-82523
037 ## - SOURCE OF ACQUISITION
Source of stock number/acquisition DBAD/PUB
082 ## - DEWEY DECIMAL CLASSIFICATION NUMBER
Classification number 320
100 ## - MAIN ENTRY--PERSONAL NAME
Personal name Bhagawati, Dhiren
245 ## - TITLE STATEMENT
Title Engaging freedom :
Remainder of title some reflections on politics, theory and ideology /
Statement of responsibility, etc by Dhiren Bhagwati
260 ## - PUBLICATION, DISTRIBUTION, ETC. (IMPRINT)
Place of publication, distribution, etc Guwahati
Name of publisher, distributor, etc DVS Publishers
Date of publication, distribution, etc 2009
270 ## - ADDRESS
Address H. B. Road, Panbazar,
City Guwahati
Postal code 781001
300 ## - PHYSICAL DESCRIPTION
Extent 220p.
Dimensions 22cm (Hb)
500 ## - GENERAL NOTE
General note Includes bibliographical references and index
650 ## - SUBJECT ADDED ENTRY--TOPICAL TERM
Topical term or geographic name as entry element India- assam
650 ## - SUBJECT ADDED ENTRY--TOPICAL TERM
Topical term or geographic name as entry element Political science
942 ## - ADDED ENTRY ELEMENTS (KOHA)
Source of classification or shelving scheme Dewey Decimal Classification
Item type English Books
Classification part 320
Call number suffix BHA
Holdings
Withdrawn status Lost status Not for loan Collection code Home library Current library Date acquired Source of acquisition Cost, normal purchase price Full call number Barcode Copy number Cost, replacement price Koha item type
    Not For Loan Non-fiction D.B.Act.Division D.B.Act.Division 09/08/2010 DBAD/PUB 495.00 320 BHA EN-82523 1 495.00 English Books

© Delhi Public Library
Hit Counter
free hit counter